Výkaz peňažných tokov a jeho analýza dizertačná práca

Salvato in:
Dettagli Bibliografici
Autore principale: Sklenka, Miloš
Ente Autore: Ekonomická univerzita v Bratislave. Fakulta hospodárskej informatiky
Altri autori: Šlosárová, Anna
Natura: Libro
Lingua:slovacco
Pubblicazione: Bratislava 2010
Soggetti:
Tags: Aggiungi Tag
Nessun Tag, puoi essere il primo ad aggiungerne!!

MARC

LEADER 00000nam$a2200000$$$4500
001 0119151
005 20240502072328.5
041 0 |a slo 
044 |a SK 
245 1 0 |a Výkaz peňažných tokov a jeho analýza  |b dizertačná práca  |c Miloš Sklenka ; škol. Anna Šlosárová 
264 1 |a Bratislava  |c 2010 
300 |a 197 s. 
610 2 0 |a účtovníctvo 
610 2 0 |a závierka účtovná 
610 2 0 |a výkazy účtovné 
100 1 |a Sklenka, Miloš 
700 1 |a Šlosárová, Anna 
710 2 |a Ekonomická univerzita v Bratislave. Fakulta hospodárskej informatiky